Nákupné správanie na trhu ekologických produktov diplomová práca

Guardado en:
Detalles Bibliográficos
Autor principal: Poláková, Michaela
Autor Corporativo: Obchodná fakulta EU. Katedra marketingu
Otros Autores: Francová, Zuzana, 1971-
Formato: Libro
Lenguaje:eslovaco
Publicado: Bratislava 2013
Etiquetas: Agregar Etiqueta
Sin Etiquetas, Sea el primero en etiquetar este registro!

MARC

LEADER 00000nbm a2200000 4500
001 0169375
005 20161109102259.6
041 0 |a slo 
044 |a SK 
245 1 0 |a Nákupné správanie na trhu ekologických produktov  |b diplomová práca  |c Michaela Poláková ; školiteľ: Zuzana Francová 
264 1 |a Bratislava  |c 2013 
300 |a 74 s. 
100 1 |a Poláková, Michaela 
700 1 |a Francová, Zuzana, 1971- 
710 2 |a Obchodná fakulta EU. Katedra marketingu